Science Quiz

Random Science or Grab Bag Quiz

10 to 1 Grab Bag Biology Quiz Stats

Quiz not verified by Sporcle

Also try: Find the Equations
Challenge
Share
Tweet
Embed
Score 0/55 Timer 05:00
0 Plays Today
% Correct
A
96.4%
Lion
95%
O
94.8%
B
94%
AB
86.5%
Penis
80.1%
Cheetah
76.8%
Testes
75.1%
Species
68.8%
Leopard
67.1%
Kingdom
66.6%
Genus
66%
Phylum
61.9%
Family
61.1%
Class
58.3%
Animals
56.1%
Order
55.8%
Plants
53.8%
Guanine
50.8%
Fungi
48%
Adenine
47.2%
Central Nervous System
46.9%
Cytosine
46.7%
Thymine
45.6%
Hammer
44.7%
Urethra
42.9%
HMS Beagle
41.8%
Anvil
41.8%
% Correct
Bacteria
40.8%
Scrotum
39.5%
Stirrup
38.4%
Uracil
37.8%
Vas deferens
33.5%
Prostate
29.3%
Peripheral Nervous System
28.7%
Protists
23.8%
Domain
22.3%
Archaea
17.9%
Evolution
11.8%
Reproduction
11.6%
Epididymis
9.7%
Serval
9.4%
Caracal
6%
Seminal vesicles
5%
Sand cat
4.4%
African wildcat
3.9%
Cowper's gland
3.9%
Homeostasis
2.8%
Heredity
2.4%
Jungle cat
2.2%
Metabolism
2.2%
Black-footed cat
1.7%
Golden cat
1.4%
Cellular Organization
0.9%
Interdepedence
0.5%

You're not logged in!

Compare scores with friends on all Sporcle quizzes.
Join for Free
OR
Log In

You Might Also Like...

Show Comments

Extras

Top Quizzes Today


Score Distribution

Your Account Isn't Verified!

In order to create a playlist on Sporcle, you need to verify the email address you used during registration. Go to your Sporcle Settings to finish the process.

Report this User

Report this user for behavior that violates our Community Guidelines.

Details: